000 01156nam a22002297a 4500
005 20110801123636.0
010 _aB-423734-735
020 _a9788184352368
_c750.00
035 _aB-423734-735
037 _bAllied Publishers
082 _a025.042
100 _aSampath Kumar, G.K.
_932520
245 _aDigital library creation /
_cby G.K. Sampath Kumar
260 _aNew Delhi
_bAdhyayan Publishers & Distributors
_c2011
270 _aL-9 B, Street No. 42, Sadatpur Extension,
_bDelhi
_e110094
300 _aix, 257p.
_c24cm(Hb)
500 _aIncludes bibliiographcial references and index
942 _2ddc
_cEN
_mSAM
_h025.042
999 _c54622
_d54622